Avengers: Who Killed Who? - Statistics

General Stats
  • This quiz has been taken 140 times
  • The average score is 11 of 14
Answer Stats
Character Killed By % Correct
Gamora Thanos
95%
Everyone Thanos
93%
Vision Thanos
92%
Thanos Thor
91%
Loki Thanos
88%
Thanos again Iron Man
84%
Agent Coulson Loki
81%
Iron Man Iron Man
78%
Ultron Vision
77%
Heimdall Thanos
76%
Black Widow Black Widow
73%
Ebony Maw Iron Man
68%
Nebula Nebula
54%
Corvus Glaive Vision
38%
No matching quizzes found
Score Distribution
Percent of People with Each Score
Percentile by Number Answered
Your Score History
You have not taken this quiz